Datum a čas kvízu
30
Celkem bodů
Celkový počet nahraných bodů na tomto kvízu bez doplňovacích otázek.
6.
Pořadí na kvízu
Konečné umístění týmu na tomto kvízu.
Zaznamenané odpovědi
| # | Otázka | Odpověď | Body | Výsledky |
|---|---|---|---|---|
| 1. | ODS v pondělí představila svou... | 1D 2C 3A 4B | 1 | |
| 2. | Britské bankovky budou mít nov... | C | 1 | |
| 3. | Která zpěvačka minulý týden př... | Olga Lounová | 1 | |
| 4. | V rámci oslav 75. výročí od vz... | Escherichia coli (E. coli) | 1 | |
| 5. | Kazachstánský tenista Alexandr... | rukojetí rakety | 1 | |
| 6. | Nejrozšířenějším „národním spo... | D | 1 | |
| 7. | Za národní sport lze považovat... | národní házená (česká házená) | 1 | |
| 8. | Podle anglické Wikipedie exist... | o Kanadě | 1 | |
| 9. | U uzákoněných národních sportů... | polo; basketbal | 0.5 | |
| 10. | I medailové úspěchy z olympijs... | D | 1 |